| 000 | 00619nam a2200229Ia 4500 | ||
|---|---|---|---|
| 003 | OSt | ||
| 005 | 20231011094619.0 | ||
| 008 | 210323s9999||||xx |||||||||||||| ||und|| | ||
| 040 | _cSTCPL | ||
| 041 | _aENG | ||
| 082 |
_a553.7 _bKOZ-W V.3 |
||
| 245 | 0 |
_aWater deficits and plant growth Vol.3 : _bPlant response and control of water balance / _cedited by T. T. Kozlowski |
|
| 260 |
_aLondon : _bAcademic Press , _c1972 . |
||
| 300 |
_a368 p. _bHB |
||
| 650 | _aPlant body | ||
| 650 | _aWater balance | ||
| 650 | _aSoil water | ||
| 700 | _aKozlowski, T. T. (ed.) | ||
| 942 | _cBK | ||
| 942 | _2ddc | ||
| 942 | _2ddc | ||
| 999 |
_c80392 _d80392 |
||